zpět

Detail výsledku týmu

Music Bar Forea, Lanškroun

Datum a čas kvízu

42.5 Celkem bodů Celkový počet nahraných bodů na tomto kvízu bez doplňovacích otázek.
1. Pořadí na kvízu Konečné umístění týmu na tomto kvízu.

Zaznamenané odpovědi

# Otázka Odpověď Body Výsledky
1. Minulý týden navštívil Pražský... v Polsku, Karol Nawrocki 0.5
2. V Severní Koreji zavedli nový... ruský jazyk 0
3. Agentura AP minulý týden zveře... rapu 1
4. Která automobilka představila... Škoda Auto 1
5. V sobotu začala nová biatlonov... v Östersundu 0
6. Seřaďte tyto ostrovy dle rozlo... 1C 2A 3D 4B 1
7. Nyní přiřaďte ostrovy ke států... 1C 2B 3A 4D 1
8. Kterému ostrovnímu středomořsk... Kypr 0
9. Nyní si odskočíme ke kinematog... Řek Zorba, Anthony Quinn 1
10. Ke kterému středomořskému ostr... Elba 1